1203 1980 1222 1767 1421 1501 1702 1173 1016 1893 1519 1991 1801 1458 1044 1749 1069 1960 1998 1376 1108 1988 1794 1608 1405 1942 1579 1691 1437 1708 1007 1730 1184 1368 1416 1602 1622 1335 1751 1225 1445 1080 1098 1405 1920 1017 1569 1004 1437 1937 1117 1378 1127 1154 1658 1033 1547 1127 1885 1180 1645 1732 1945 1968 1108 1236 1442 1965 1328 1447 1498 1088 1594 1689 1748 1283 1067 1606 1751 1394 1478 1085 1244 1489 1167 1559 1416 1709 1864 1489 1268 1003 1788 1348 1184 1397 1372 1582 1532 BCNSPRNW ULIB Ver.6.0+V

เปลี่ยนเป็นภาษาไทย

Change to English
 แสดงรายละเอียดบรรณานุกรม
  กลับหน้าหลัก

Brief Record : Get Marc (ISO 2709) : E-mail record : QR code < ปิดหน้าต่าง
LEADER : 00000nam 2200000uu 4500
001    13399114560
003     ULIB
008    110627s2550||||th 000 0 tha d
020    9789749899403
090    นว.^bย731ค ล.10
100 0  โยโคมิโซะ เซซิ
245 00 คินดะอิจิยอดนักสืบ ตอนที่ 10 คฤหาสน์เขาวงกต /^cโยโคมิโซะ เซซิ
250    พิมพ์ครั้งที่ 2
260    กรุงเทพฯ :^bBLISS publishing,^c2550
300    367 หน้า
710 1  BLISS publishing
945    ^p265^l0^i022064
995    ทศพร
999 ^a ใช้งานได้ทุกระบบ
รายการนี้ยังไม่มีแท็ก
คุณยังไม่ได้ล็อกอิน คุณสามารถมีกิจกรรมร่วมกับเว็บไซต์ได้ แต่ต้องล็อกอินก่อน ::
  ล็อกอิน

รายการสื่อสารสนเทศ

ลำดับที่ ประเภท เลขเรียก/บาร์โค้ด สถานที่ สถานะ
1. นวนิยาย
นวนิยาย
นว. ย731ค ล.10 ฉ.1 
  Barcode: 022064
ห้องสมุดวิทยาเขตสวรรค์ประชารักษ์
►นวนิยาย
บนชั้น
  ขอยืม

รายการใกล้เคียง
    ผู้แต่ง [โยโคมิโซะ เซซิ]

BibComment


ยังไม่เคยถูกคอมเมนท์

คอมเมนท์ทรัพยากรรายการนี้
  คอมเมนท์: คินดะอิจิยอดนักสื..


 Copyright 2026. Bcnsprnw @Library